LEADER 01653nam a2200373 a 4500 001 000000126218 003 CaOOAMICUS 005 20110908093914.0 008 110908s2010 it u000 u ita r 020 $a978-88-07-72071-0 040 $aPUL$bita 041 1 $aita$hger 082 04$a305 100 1 $aHabermas, Jürgen,$d1929-$0(OLS)http://pul/name/516 240 10$aKampf um Anerkennung im demokratischen Rechtsstatt.$lItaliano.$0(OLS)http://pul/title/159381 245 10$aMulticulturalismo :$blotte per il riconoscimento /$cJurgen Habermas, Charles Taylor ; traduzione di Leonardo Ceppa e Gianni Rigamonti. 250 $a2. ed. 260 $aMilano :$bFeltrinelli,$c2010. 300 $a117 p. ;$c20 cm 490 1 $aUniversale economica. Saggi ;$v2071 504 $aInclude riferimenti bibliografici. 650 4$aMulticulturalismo.$0(OLS)http://pul/subject/23034 700 1 $aTaylor, Charles,$d1931-$0(OLS)http://pul/name/53594 700 1 $aCeppa, Leonardo.$0(OLS)http://pul/name/517 700 1 $aRigamonti, Gianni.$0(OLS)http://pul/name/704 830 0$aUniversale economica.$pSaggi ;$v2071.$0(OLS)http://pul/title/159380 850 $aPUL 852 $aPUL$W1$xSL Diritto e Scienze Sociali 3$y79$m305 TAYCH 1$j145579$qDDC 21$B144444$CPULBib$Z2$F144444 $H117236 $82 941 1 $a9 996 $6020$a978-88-07-72071-0$9(OLS)http://pul/number/147898 996 $6082$a305$9(OLS)http://pul/classification/744 996 $6245$aMulticulturalismo :$blotte per il riconoscimento$9(OLS)http://pul/title/159379 996 $6260$aMilano :$bFeltrinelli$9(OLS)http://pul/publisher/48846 LEADER 01644nam a2200325 a 4500 001 000000151293 003 CaOOAMICUS 005 20160414130925.0 008 160414s2015 gw u000 u ger r 020 $a978-3-8300-8181-4* 032 $aLibriCat 040 $aPUL$bita 100 1 $aDo?rr, Alexander.$0(OLS)http://pul/name/96293 245 10$aInformationsanspru?che gegenu?ber dem Staat zuzurechnenden Unternehmen /$cAlexander Do?rr. 260 $aHamburg :$bKova?,$c2015. 300 $a133 p.;$c24 cm 440 0$aBeitra?ge zu Datenschutz und Informationsfreiheit $b(Verlag Dr. Kovac) ;$v5 502 $a"Inaugural Dissertation zur Erlagung der Doktorwurde der Juristichehen Fakultät der Eberhard Karls Universität Tübingen, 2014. 504 $aBibliografia : p. xvii-xxxvi. 650 4$aInformazione$xDiritto.$0(OLS)http://pul/subject/29313 700 1 $aEberhard-Karls-Universität (Tübingen).$bJuristiche Fakultät$kTesi.$0(OLS)http://pul/name/96291 830 0$aBeitra?ge zu Datenschutz und Informationsfreiheit $b(Verlag Dr. Kovac) ;$v5.$0(OLS)http://pul/title/190530 850 $aPUL 852 $aPUL$W1$xDP1 Tesi Varie$y51$m2015 D 2$j169000$qTesi$B176171$CPULBib$Z2$F176171 $82 941 1 $a16 996 $6020$a978-3-8300-8181-4*$9(OLS)http://pul/number/160272 996 $6245$aInformationsanspru?che gegenu?ber dem Staat zuzurechnenden Unternehmen$9(OLS)http://pul/title/190529 996 $6440$aBeitra?ge zu Datenschutz und Informationsfreiheit $b(Verlag Dr. Kovac)$9(OLS)http://pul/title/190530 996 $6260$aHamburg :$bKovac?$9(OLS)http://pul/publisher/84868